Pays sans consonnes - 1 - Statistiques

Statistiques générales
  • Ce quiz a été pris 89 fois
    63 depuis la dernière actualisation
  • Le résultat moyen est 8 sur 20
Statistiques - réponses
HINT ANSWER % Correct
_ui_ée é_ua_o_ia_e Guinée équatoriale
92%
É_ua_eu_ Équateur
90%
_y_ie Syrie
87%
_i_ye Libye
75%
_uè_e Suède
71%
_a_a_a Canada
58%
_iê_ _a_ Viêt Nam
50%
I__e Inde
48%
_a_a_a__a_ Madagascar
46%
_ou_a_ie Roumanie
40%
_u_u__i Burundi
25%
_ou_a_ Soudan
19%
A___a_i__a_ Afghanistan
17%
_a_o_ Gabon
17%
_i__a_ou_ Singapour
15%
_u___é_i__a_ Turkménistan
13%
_o__a _i_a Costa Rica
10%
_ya__a_ Myanmar
10%
_i_o_ o_ie__a_ Timor oriental
8%
_a__i_e_ Maldives
2%
Aucun quiz correspondant
Distribution des résultats
% des personnes avec chaque résultat
Percentile par nombre de réponses
Votre historique - résultats
Vous n’avez pas pris ce quiz depuis la dernière actualisation